[Event "Parsvnath Commonwealth ch 2010"]
[Site "Nueva Delhi IND"]
[Date "2010.05.13"]
[Round "6.7"]
[White "Bocharov, Dmitry"]
[Black "Suvrajit, Saha"]
[Result "1-0"]
[WhiteElo "2592"]
[BlackElo "2380"]
[PlyCount "101"]
[EventDate "2010.05.10"]
[EventType "swiss"]
[EventRounds "11"]
[EventCountry "IND"]
[Source "lmi"]
[SourceDate "2010.05.10"]

1. d4 d5 2. c4 e6 3. Nc3 Nf6 4. Bg5 Nbd7 5. e3 c6 6. cxd5 exd5 7. Bd3 Be7 8.
Qc2 O-O 9. Nf3 Re8 10. h3 Nf8 11. Bf4 Bd6 12. Bxd6 Qxd6 13. O-O-O Be6 14. Kb1
N6d7 15. g4 a5 16. Ng5 h6 17. Nxe6 Rxe6 18. h4 b5 19. Ne2 Nb6 20. g5 Nc4 21.
gxh6 Rxh6 22. Rdg1 Qb4 23. Ka1 a4 24. Ng3 a3 25. b3 Nd6 26. Rg2 Rxh4 27. Rhg1
g6 28. Ne2 Rh6 29. Nf4 Kg7 30. Kb1 Ra6 31. Kc1 Qa5 32. f3 Qd8 33. Qd2 Qe8 34.
Rg5 Ra7 35. Nh5+ Kh8 36. e4 Nh7 37. Re5 Qf8 38. Nf4 dxe4 39. fxe4 Ne8 40. Bc2
Nef6 41. Rc5 Ra6 42. e5 Nd7 43. Rc3 c5 44. e6 Rxe6 45. Nxe6 fxe6 46. dxc5 Nhf6
47. c6 Nb6 48. c7 Rh7 49. Qd8 Ne8 50. Qd4+ Qf6 51. Qxf6+ 1-0

[Event "Parsvnath Commonwealth ch 2010"]
[Site "Nueva Delhi IND"]
[Date "2010.05.13"]
[Round "6.10"]
[White "Adhiban, B."]
[Black "Stany, G.A."]
[Result "1/2-1/2"]
[WhiteElo "2510"]
[BlackElo "2330"]
[PlyCount "60"]
[EventDate "2010.05.10"]
[EventType "swiss"]
[EventRounds "11"]
[EventCountry "IND"]
[Source "lmi"]
[SourceDate "2010.05.10"]

1. d4 Nf6 2. c4 e6 3. Nf3 b6 4. g3 Bb7 5. Bg2 Bb4+ 6. Nbd2 c5 7. d5 exd5 8. Nh4
Bc6 9. cxd5 Bxd5 10. Bxd5 Nxd5 11. O-O Ne7 12. Nc4 d5 13. Qa4+ Kf8 14. a3 dxc4
15. axb4 cxb4 16. Rd1 Qc8 17. Qxb4 Nbc6 18. Qxc4 Qe6 19. Qc2 f6 20. Ra4 Rc8 21.
Re4 Ne5 22. Qa4 Qc6 23. Qxc6 N5xc6 24. Be3 Kf7 25. Rd7 Rhd8 26. Rb7 Rb8 27. Rc7
Rbc8 28. Rb7 Rb8 29. Rc7 Rbc8 30. Rb7 Rb8 1/2-1/2

[Event "Parsvnath Commonwealth ch 2010"]
[Site "Nueva Delhi IND"]
[Date "2010.05.13"]
[Round "6.11"]
[White "Lalith, Babu M.R"]
[Black "Agaragimov, Djakhangir"]
[Result "1-0"]
[WhiteElo "2493"]
[BlackElo "2304"]
[PlyCount "105"]
[EventDate "2010.05.10"]
[EventType "swiss"]
[EventRounds "11"]
[EventCountry "IND"]
[Source "lmi"]
[SourceDate "2010.05.10"]

1. Nf3 Nf6 2. c4 g6 3. Nc3 Bg7 4. e4 d6 5. d4 O-O 6. Be2 Bg4 7. Be3 Nfd7 8. Rc1
c5 9. d5 Na6 10. O-O Nc7 11. a4 Re8 12. Bg5 Qb8 13. h3 Bxf3 14. Bxf3 a6 15. Bg4
e6 16. Be3 Nf6 17. Be2 exd5 18. exd5 Ne4 19. Nxe4 Rxe4 20. Bf3 Re8 21. b4 cxb4
22. a5 Qd8 23. Bd2 Rb8 24. Bxb4 Qd7 25. Rb1 Red8 26. Qd3 Ne8 27. Bd2 Nf6 28.
Be3 Qc8 29. Ba7 Ra8 30. Bb6 Re8 31. Qa3 Bf8 32. Bd4 Nd7 33. Qc3 Qc7 34. Rfc1
Rab8 35. h4 Nc5 36. h5 f5 37. hxg6 hxg6 38. Bxc5 Qxc5 39. Qf6 Kh7 40. Re1 Bg7
41. Qh4+ Kg8 42. Re6 Qxa5 43. Qg5 Rxe6 44. dxe6 Qe5 45. Qe7 Kh8 46. Bd5 Qf4 47.
Qc7 Re8 48. Qf7 Rf8 49. e7 Rxf7 50. Bxf7 Bd4 51. e8=Q+ Kg7 52. Qg8+ Kf6 53.
Qxg6+ 1-0

[Event "Parsvnath Commonwealth ch 2010"]
[Site "Nueva Delhi IND"]
[Date "2010.05.13"]
[Round "6.13"]
[White "Abu Sufian, Shakil"]
[Black "Bakre, Tejas"]
[Result "0-1"]
[WhiteElo "2305"]
[BlackElo "2483"]
[PlyCount "62"]
[EventDate "2010.05.10"]
[EventType "swiss"]
[EventRounds "11"]
[EventCountry "IND"]
[Source "lmi"]
[SourceDate "2010.05.10"]

1. e4 c5 2. Nf3 d6 3. d4 cxd4 4. Nxd4 Nf6 5. Nc3 Nc6 6. Bc4 e6 7. Be3 a6 8. Bb3
Qc7 9. Qe2 Na5 10. O-O-O b5 11. g4 Nxb3+ 12. axb3 b4 13. g5 bxc3 14. gxf6 gxf6
15. Qh5 Bd7 16. Rd3 cxb2+ 17. Kxb2 Qb7 18. Re1 Rc8 19. Bh6 Qb4 20. Re2 Rc5 21.
Qh4 Bxh6 22. Qxh6 Ra5 23. Qg7 Rf8 24. f4 Qa3+ 25. Kc3 Qc1 26. Rdd2 e5 27. fxe5
fxe5 28. Nf3 Rc5+ 29. Kd3 Bb5+ 30. c4 Bxc4+ 31. bxc4 Qa3+ 0-1

[Event "Parsvnath Commonwealth ch 2010"]
[Site "Nueva Delhi IND"]
[Date "2010.05.13"]
[Round "6.14"]
[White "Deshmukh, Anup"]
[Black "Laxman, R.R."]
[Result "0-1"]
[WhiteElo "2301"]
[BlackElo "2476"]
[PlyCount "76"]
[EventDate "2010.05.10"]
[EventType "swiss"]
[EventRounds "11"]
[EventCountry "IND"]
[Source "lmi"]
[SourceDate "2010.05.10"]

1. c4 Nf6 2. Nc3 e5 3. Nf3 Nc6 4. g3 Nd4 5. Bg2 Nxf3+ 6. Bxf3 Bc5 7. e3 Qe7 8.
O-O e4 9. Bg2 O-O 10. Qc2 Re8 11. b3 d6 12. Bb2 Bf5 13. Nd5 Nxd5 14. cxd5 Bg6
15. Qc3 f6 16. b4 Bb6 17. a4 a5 18. bxa5 Rxa5 19. Qb3 Bf7 20. Bc3 Bxd5 21. Qb2
Raa8 22. a5 Bc5 23. d4 Ba7 24. Rfc1 Rab8 25. Bb4 Rec8 26. Rc2 b6 27. Bh3 Be6
28. Bxe6+ Qxe6 29. axb6 Bxb6 30. Rc6 Qd5 31. Qc3 Bc5 32. Rxc5 dxc5 33. Bxc5 Rb3
34. Qc2 Rcb8 35. Kg2 h5 36. Ra2 Qf5 37. Qe2 Rb1 38. h3 Rh1 0-1

[Event "Parsvnath Commonwealth ch 2010"]
[Site "Nueva Delhi IND"]
[Date "2010.05.13"]
[Round "6.16"]
[White "Venkatesh, M.R."]
[Black "Rajesh, V A V."]
[Result "1/2-1/2"]
[WhiteElo "2452"]
[BlackElo "2302"]
[PlyCount "168"]
[EventDate "2010.05.10"]
[EventType "swiss"]
[EventRounds "11"]
[EventCountry "IND"]
[Source "lmi"]
[SourceDate "2010.05.10"]

1. e4 c5 2. Nf3 Nc6 3. d4 cxd4 4. Nxd4 Nf6 5. Nc3 e5 6. Ndb5 d6 7. Bg5 a6 8.
Na3 b5 9. Nd5 Be7 10. Bxf6 Bxf6 11. c3 O-O 12. Nc2 Bg5 13. a4 bxa4 14. Rxa4 a5
15. Bc4 Rb8 16. b3 Kh8 17. Nce3 Bxe3 18. Nxe3 Ne7 19. O-O f5 20. exf5 Bxf5 21.
Ra2 Qc7 22. Qa1 Be4 23. Rxa5 d5 24. Nxd5 Nxd5 25. Bxd5 Bxd5 26. Rxd5 Rxb3 27.
Rd3 Qc5 28. Re3 Rc8 29. Rc1 h6 30. Qa2 Rcb8 31. Qe2 Rb2 32. Rxe5 Rxe2 33. Rxc5
Rc2 34. Re1 Rb3 35. h4 Rbxc3 36. Re8+ Kh7 37. Rce5 Rc5 38. h5 Rxe5 39. Rxe5 Rc7
40. Re6 Kg8 41. g4 Kf7 42. Rg6 Rc3 43. Kg2 Rb3 44. f3 Ra3 45. Rd6 Ra4 46. Kf2
Ke7 47. Rc6 Kf7 48. Ke3 Ra3+ 49. Ke4 Ra4+ 50. Kd3 Rf4 51. Ke3 Ra4 52. Rd6 Ke7
53. Rd4 Ra6 54. Rb4 Kf7 55. Ke4 Kf6 56. Kf4 Rc6 57. Rb8 Rc4+ 58. Kg3 Ra4 59.
Rf8+ Ke7 60. Rf4 Ra2 61. Rc4 Kf6 62. Rc6+ Kf7 63. Kf4 Ra4+ 64. Ke5 Ra5+ 65. Kd4
Ra3 66. Rc3 Ra4+ 67. Rc4 Ra3 68. Ke4 Ra6 69. Kd5 Ra3 70. Rc7+ Kf6 71. Rc6+ Kf7
72. f4 Rg3 73. Rg6 Re3 74. Kd4 Re1 75. f5 Rf1 76. Ke3 Re1+ 77. Kf2 Re5 78. Kg3
Re3+ 79. Kf4 Re1 80. Kf3 Rf1+ 81. Kg3 Kf8 82. f6 gxf6 83. Rxh6 Kg7 84. Rg6+ Kf7
1/2-1/2

[Event "Parsvnath Commonwealth ch 2010"]
[Site "Nueva Delhi IND"]
[Date "2010.05.13"]
[Round "6.17"]
[White "Paciencia, Enrique"]
[Black "Joshi, G B."]
[Result "1-0"]
[WhiteElo "2429"]
[BlackElo "2293"]
[PlyCount "91"]
[EventDate "2010.05.10"]
[EventType "swiss"]
[EventRounds "11"]
[EventCountry "IND"]
[Source "lmi"]
[SourceDate "2010.05.10"]

1. d4 Nf6 2. Nf3 e6 3. c4 d5 4. Bg5 Be7 5. e3 O-O 6. Nc3 h6 7. Bf4 c5 8. dxc5
Bxc5 9. Be2 Nc6 10. cxd5 Nxd5 11. Nxd5 exd5 12. O-O Bb6 13. Rc1 Qf6 14. Qxd5
Qxb2 15. Qd2 Qf6 16. Bb5 Rd8 17. Qe2 Bf5 18. Rfd1 Rxd1+ 19. Rxd1 Rd8 20. h3 a6
21. Bc4 Be6 22. Rb1 Na5 23. Bd3 Bxa2 24. Qxa2 Rxd3 25. Ne5 Rd6 26. Nxf7 Qe6 27.
Qxe6 Rxe6 28. Nd6 Bc7 29. Nxb7 Bxf4 30. exf4 Nxb7 31. Rxb7 Re2 32. Ra7 Ra2 33.
f5 Kf8 34. g4 h5 35. Kg2 Ra3 36. gxh5 Kg8 37. f6 gxf6 38. h6 a5 39. Rg7+ Kh8
40. Rg6 a4 41. Rxf6 Kh7 42. Ra6 Ra1 43. Kg3 a3 44. Kg4 a2 45. Kh5 Kh8 46. Ra7
1-0

[Event "Parsvnath Commonwealth ch 2010"]
[Site "Nueva Delhi IND"]
[Date "2010.05.13"]
[Round "6.18"]
[White "Das, Sayantan"]
[Black "Grover, Sahaj"]
[Result "1/2-1/2"]
[WhiteElo "2250"]
[BlackElo "2416"]
[PlyCount "66"]
[EventDate "2010.05.10"]
[EventType "swiss"]
[EventRounds "11"]
[EventCountry "IND"]
[Source "lmi"]
[SourceDate "2010.05.10"]

1. e4 e6 2. d4 d5 3. Nc3 Nf6 4. Bg5 Bb4 5. e5 h6 6. Bd2 Bxc3 7. bxc3 Ne4 8. Bd3
Nxd2 9. Qxd2 c5 10. Nf3 Nc6 11. O-O Qa5 12. dxc5 Qxc5 13. Rfe1 O-O 14. Nd4 Bd7
15. Re3 f5 16. exf6 Rxf6 17. Rae1 Raf8 18. Nxe6 Bxe6 19. Rxe6 Rxf2 20. Qe3 Qxe3
21. R6xe3 R2f4 22. g3 R4f6 23. Rf1 Rxf1+ 24. Bxf1 Rf6 25. Bg2 d4 26. cxd4 Nxd4
27. c3 Nc6 28. Re8+ Kh7 29. Be4+ g6 30. Rc8 Kg7 31. Bd5 Rd6 32. Rc7+ Kf6 33. c4
Na5 1/2-1/2

[Event "Parsvnath Commonwealth ch 2010"]
[Site "Nueva Delhi IND"]
[Date "2010.05.13"]
[Round "6.19"]
[White "Minhazuddin, Ahmed"]
[Black "Lafuente, Pablo"]
[Result "0-1"]
[WhiteElo "2304"]
[BlackElo "2587"]
[PlyCount "107"]
[EventDate "2010.05.10"]
[EventType "swiss"]
[EventRounds "11"]
[EventCountry "IND"]
[Source "lmi"]
[SourceDate "2010.05.10"]

1. e4 c6 2. d4 d5 3. exd5 cxd5 4. c4 e6 5. Nc3 Nf6 6. Nf3 Be7 7. Bd3 O-O 8. O-O
dxc4 9. Bxc4 Nbd7 10. Bg5 Nb6 11. Bb3 Bd7 12. Re1 Bc6 13. Ne5 Bd5 14. Nxd5
Nfxd5 15. Bd2 Bf6 16. Ba5 Qd6 17. g3 Nc8 18. Qd3 Nce7 19. Ng4 Nc6 20. Nxf6+
Nxf6 21. Bc3 Nb4 22. Qf3 Nbd5 23. Rac1 Qb6 24. g4 Ne7 25. Bc2 Ng6 26. g5 Nd5
27. Qe4 Rfc8 28. Bb1 Rc6 29. h4 Rac8 30. h5 Nf8 31. Re3 Nxe3 32. Qxe3 Rd6 33.
Kh2 Rd5 34. Be4 Nd7 35. Kg2 Qb5 36. f4 Nb6 37. g6 f5 38. Bf3 Qe8 39. gxh7+ Kxh7
40. Re1 Rc6 41. Kh3 Qf7 42. Rg1 Nc4 43. Qe2 Nd6 44. Rg5 Ne4 45. Bxe4 fxe4 46.
Qxe4+ Kh8 47. Kg4 Rcd6 48. Re5 Rxe5 49. fxe5 Rd8 50. Bd2 Qf1 51. Be3 Rf8 52.
Bf4 Qg1+ 53. Kf3 Qh1+ 54. Ke3 0-1

[Event "Parsvnath Commonwealth ch 2010"]
[Site "Nueva Delhi IND"]
[Date "2010.05.13"]
[Round "6.20"]
[White "Khusnutdinov, Rustam"]
[Black "Soumya, Swaminathan"]
[Result "1/2-1/2"]
[WhiteElo "2525"]
[BlackElo "2288"]
[PlyCount "110"]
[EventDate "2010.05.10"]
[EventType "swiss"]
[EventRounds "11"]
[EventCountry "IND"]
[Source "lmi"]
[SourceDate "2010.05.10"]

1. g3 d5 2. Bg2 Nf6 3. Nf3 c6 4. O-O Bg4 5. b3 Nbd7 6. Bb2 Qc7 7. d3 e5 8. Nbd2
Bc5 9. e4 dxe4 10. dxe4 O-O 11. a4 a5 12. Qe2 Rfb8 13. h3 Bh5 14. Rfd1 b5 15.
Nf1 Bg6 16. Ne1 bxa4 17. Rxa4 Nb6 18. Ra2 a4 19. Nd3 Bd6 20. Rda1 axb3 21. Rxa8
Rxa8 22. Rxa8+ Nxa8 23. cxb3 Nb6 24. Nd2 Nfd7 25. Qd1 f6 26. Qc1 Bf7 27. Bf1 h5
28. Be2 Be7 29. Kg2 Qd6 30. Bc3 Nc5 31. Qc2 Ne6 32. Qd1 g6 33. Nb2 Nd4 34. Ndc4
Nxc4 35. Bxc4 Bxc4 36. Nxc4 Qc5 37. Bxd4 Qxd4 38. Qxd4 exd4 39. f4 Kf7 40. f5
Bb4 41. Kf3 Bf8 42. Ke2 g5 43. g4 hxg4 44. hxg4 Ke7 45. Kd3 c5 46. Nd2 Kd7 47.
Nf3 Bd6 48. Kc4 Kc6 49. Ne1 Bc7 50. Nc2 Kd6 51. b4 cxb4 52. Kxd4 Bb6+ 53. Kd3
Kc5 54. Ne1 Bc7 55. Nf3 Bf4 1/2-1/2

[Event "Parsvnath Commonwealth ch 2010"]
[Site "Nueva Delhi IND"]
[Date "2010.05.13"]
[Round "6.22"]
[White "Ramakrishna, J."]
[Black "Debashis, Das"]
[Result "0-1"]
[WhiteElo "2246"]
[BlackElo "2400"]
[PlyCount "58"]
[EventDate "2010.05.10"]
[EventType "swiss"]
[EventRounds "11"]
[EventCountry "IND"]
[Source "lmi"]
[SourceDate "2010.05.10"]

1. e4 c5 2. b3 a6 3. Bb2 Nc6 4. Nf3 d6 5. d4 cxd4 6. Nxd4 e5 7. Nxc6 bxc6 8.
Nd2 Nf6 9. Bd3 Be7 10. O-O O-O 11. Nc4 Be6 12. Qe2 Nd7 13. Rad1 Re8 14. f4 exf4
15. Rxf4 Nf8 16. Rff1 Ng6 17. Kh1 Qc7 18. Qh5 Bf8 19. a4 Rad8 20. Bc3 d5 21.
Ba5 Qb8 22. exd5 Rxd5 23. Qf3 Rg5 24. Qxc6 Bd5 25. Qxd5 Rxd5 26. Bxg6 Rxd1 27.
Bxf7+ Kh8 28. Rxd1 Re2 29. Nd2 Qb7 0-1

[Event "Parsvnath Commonwealth ch 2010"]
[Site "Nueva Delhi IND"]
[Date "2010.05.13"]
[Round "6.23"]
[White "Singh, S. Vikramjit"]
[Black "Rathnakaran, K."]
[Result "0-1"]
[WhiteElo "2218"]
[BlackElo "2397"]
[PlyCount "110"]
[EventDate "2010.05.10"]
[EventType "swiss"]
[EventRounds "11"]
[EventCountry "IND"]
[Source "lmi"]
[SourceDate "2010.05.10"]

1. Nf3 Nf6 2. c4 g6 3. Nc3 Bg7 4. e4 d6 5. d4 O-O 6. Be2 Bg4 7. O-O Nbd7 8. h3
Bxf3 9. Bxf3 e5 10. Be3 c6 11. Rb1 Qe7 12. Re1 Rfd8 13. b4 exd4 14. Bxd4 c5 15.
bxc5 Nxc5 16. Bxc5 dxc5 17. Nd5 Nxd5 18. exd5 Qc7 19. Qb3 Rab8 20. Re2 Bf6 21.
g3 Kg7 22. Kg2 h5 23. h4 Rd6 24. a4 Qd7 25. Qc2 a6 26. Ree1 Bd4 27. Re2 Rf6 28.
Ree1 b5 29. axb5 axb5 30. Rxb5 Rxb5 31. cxb5 Qxb5 32. Re2 c4 33. Qe4 Bb6 34.
Qe5 Qc5 35. Qe7 Qa5 36. Re6 Rxf3 37. Kxf3 Qxd5+ 38. Re4 Bd4 39. Kg2 c3 40. f3
c2 41. Qa3 Qb5 42. Qc1 Qb2 43. Re1 Kh7 44. Kh3 Bg7 45. f4 Bd4 46. Rh1 Qb3 47.
Rh2 Qe6+ 48. Kg2 Qe2+ 49. Kh3 Qg4+ 50. Kg2 Qd1 51. Rh1 Qe2+ 52. Kh3 Qf3 53. f5
Qxf5+ 54. Kg2 Qe4+ 55. Kh3 Be5 0-1

[Event "Parsvnath Commonwealth ch 2010"]
[Site "Nueva Delhi IND"]
[Date "2010.05.13"]
[Round "6.26"]
[White "Satyapragyan, Swayangsu"]
[Black "Girish, A. Koushik"]
[Result "1/2-1/2"]
[WhiteElo "2463"]
[BlackElo "2276"]
[PlyCount "86"]
[EventDate "2010.05.10"]
[EventType "swiss"]
[EventRounds "11"]
[EventCountry "IND"]
[Source "lmi"]
[SourceDate "2010.05.10"]

1. e4 e5 2. Nf3 Nc6 3. Bb5 a6 4. Ba4 Nf6 5. O-O Be7 6. Re1 b5 7. Bb3 O-O 8. d4
d6 9. c3 Bg4 10. d5 Na5 11. Bc2 c6 12. h3 Bd7 13. Nxe5 dxe5 14. d6 Be6 15. dxe7
Qxe7 16. Nd2 Rfd8 17. Qf3 Ne8 18. Nf1 f6 19. b3 c5 20. Ne3 Nc6 21. Nd5 Qf8 22.
Be3 Rac8 23. Rac1 Nc7 24. Red1 b4 25. Bd3 bxc3 26. Nxc7 Rxc7 27. Rxc3 Nd4 28.
Bxd4 exd4 29. Rc2 Qd6 30. Rdc1 a5 31. Qh5 g6 32. Qh6 Rdc8 33. Bc4 Bxc4 34. Rxc4
Qe5 35. Qd2 Qxe4 36. Qxa5 Qd5 37. Qd2 Rc6 38. Qd3 Kg7 39. R4c2 R8c7 40. Rc4 Rc8
41. Re1 Re6 42. Rec1 Rec6 43. Re1 Re6 1/2-1/2

[Event "Parsvnath Commonwealth ch 2010"]
[Site "Nueva Delhi IND"]
[Date "2010.05.13"]
[Round "6.28"]
[White "Anwesh, Upadhyaya"]
[Black "Nadig, Kruttika"]
[Result "1-0"]
[WhiteElo "2419"]
[BlackElo "2236"]
[PlyCount "57"]
[EventDate "2010.05.10"]
[EventType "swiss"]
[EventRounds "11"]
[EventCountry "IND"]
[Source "lmi"]
[SourceDate "2010.05.10"]

1. c4 Nf6 2. Nc3 d5 3. cxd5 Nxd5 4. g3 g6 5. Bg2 Nb6 6. d3 Bg7 7. Be3 Nc6 8.
Bxc6+ bxc6 9. Qc1 h6 10. Ne4 Qd5 11. Nf3 Rb8 12. O-O Bg4 13. Bf4 Bxf3 14. exf3
f5 15. Nc5 e5 16. Na6 Rb7 17. Re1 Nd7 18. d4 Kf7 19. dxe5 Nxe5 20. Bxe5 Bxe5
21. Qe3 Bd6 22. Rad1 Qc4 23. Nxc7 f4 24. gxf4 Rxc7 25. Rxd6 Kg7 26. Qe5+ Kh7
27. f5 Rhc8 28. fxg6+ Kg8 29. Qf6 1-0

[Event "Parsvnath Commonwealth ch 2010"]
[Site "Nueva Delhi IND"]
[Date "2010.05.13"]
[Round "6.29"]
[White "Tania, Sachdev"]
[Black "Gurpreet, Singh Maras"]
[Result "1-0"]
[WhiteElo "2398"]
[BlackElo "2227"]
[PlyCount "75"]
[EventDate "2010.05.10"]
[EventType "swiss"]
[EventRounds "11"]
[EventCountry "IND"]
[Source "lmi"]
[SourceDate "2010.05.10"]

1. d4 d5 2. c4 c6 3. Nf3 Nf6 4. e3 g6 5. Nc3 Bg7 6. cxd5 cxd5 7. Bd3 O-O 8. O-O
Nc6 9. Bd2 Bf5 10. Bxf5 gxf5 11. Ne2 e6 12. Qb3 Qb6 13. Rfc1 Rfc8 14. Nf4 Ne4
15. Be1 Bf8 16. Nd3 Bd6 17. Qa4 a5 18. Nfe5 Bxe5 19. dxe5 Nb4 20. Nxb4 axb4 21.
Qxb4 Rxc1 22. Rxc1 Qxb4 23. Bxb4 Rxa2 24. f3 Rxb2 25. Rc8+ Kg7 26. Bf8+ Kg6 27.
fxe4 dxe4 28. Be7 h6 29. Bf6 Rb4 30. Kf2 Rb2+ 31. Kg3 Kh5 32. h3 Re2 33. Rg8 b5
34. Kh2 Rc2 35. Kg1 Rc1+ 36. Kf2 Rc2+ 37. Ke1 Rc1+ 38. Kd2 1-0

[Event "Parsvnath Commonwealth ch 2010"]
[Site "Nueva Delhi IND"]
[Date "2010.05.13"]
[Round "6.30"]
[White "Swayams, Mishra"]
[Black "Atabayev, Yusup"]
[Result "1-0"]
[WhiteElo "2397"]
[BlackElo "2217"]
[PlyCount "83"]
[EventDate "2010.05.10"]
[EventType "swiss"]
[EventRounds "11"]
[EventCountry "IND"]
[Source "lmi"]
[SourceDate "2010.05.10"]

1. d4 Nf6 2. c4 e6 3. Nc3 Bb4 4. e3 b6 5. Nge2 O-O 6. a3 Bxc3+ 7. Nxc3 Bb7 8.
d5 d6 9. Be2 a5 10. O-O Na6 11. b3 Qe7 12. Bb2 Rae8 13. Bf3 e5 14. g3 Nd7 15.
e4 Ndc5 16. Qc2 Bc8 17. Bg2 f5 18. f3 f4 19. Ne2 g5 20. Bc3 a4 21. b4 Nb3 22.
Rad1 Bd7 23. Be1 Rf7 24. Bf2 Rg7 25. Nc1 Nxc1 26. Rxc1 g4 27. Kh1 Qf6 28. Qd3
Qh6 29. fxg4 Bxg4 30. gxf4 exf4 31. Bd4 Rg6 32. Rc2 Nb8 33. Rcf2 Nd7 34. Rxf4
Ne5 35. Bxe5 Rxe5 36. Qg3 Be2 37. Rf8+ Qxf8 38. Rxf8+ Kxf8 39. Qf2+ Ke7 40.
Qxe2 Reg5 41. Qf2 Rg4 42. Bf3 1-0

[Event "Parsvnath Commonwealth ch 2010"]
[Site "Nueva Delhi IND"]
[Date "2010.05.13"]
[Round "6.31"]
[White "Shyam, Nikil P"]
[Black "Anurag, Mhamal"]
[Result "1-0"]
[WhiteElo "2385"]
[BlackElo "2210"]
[PlyCount "119"]
[EventDate "2010.05.10"]
[EventType "swiss"]
[EventRounds "11"]
[EventCountry "IND"]
[Source "lmi"]
[SourceDate "2010.05.10"]

1. e4 e5 2. Nf3 Nc6 3. Bb5 a6 4. Bxc6 dxc6 5. O-O f6 6. d4 exd4 7. Nxd4 c5 8.
Ne2 Qxd1 9. Rxd1 Bd7 10. Nbc3 O-O-O 11. Be3 Bd6 12. Nd5 Be6 13. Bf4 Be5 14.
Bxe5 fxe5 15. Ne3 Nf6 16. f3 g5 17. Kf2 Rdg8 18. Ng3 h5 19. Ngf5 Rh7 20. h4 g4
21. a3 Rf8 22. Ke2 gxf3+ 23. gxf3 Rhf7 24. Rd2 Ng8 25. Rg1 Ne7 26. Nxe7+ Rxe7
27. Rg5 Bf7 28. Kf2 c4 29. c3 b5 30. Nf5 Re6 31. Ke3 Kb7 32. Ng7 Re7 33. Nxh5
Bxh5 34. Rxh5 Ref7 35. Rf2 Rf4 36. Rxe5 Rxh4 37. Rd5 Kc6 38. Rd4 Rh1 39. e5
Re1+ 40. Re2 Rf1 41. f4 Kb7 42. e6 c5 43. Rd7+ Kc6 44. Rf7 Rh8 45. Ke4 Kd6 46.
e7 Rfh1 47. Rg7 R1h5 48. Kf3 Rh3+ 49. Kg4 Rh1 50. Kf5 Re8 51. Kf6 Rh4 52. f5
Rhh8 53. Kf7 a5 54. Rd2+ Ke5 55. f6 b4 56. Rg5+ Kf4 57. Rxc5 Rb8 58. axb4 axb4
59. Rxc4+ Kg5 60. Rd5+ 1-0

[Event "Parsvnath Commonwealth ch 2010"]
[Site "Nueva Delhi IND"]
[Date "2010.05.13"]
[Round "6.32"]
[White "Lodhi, Mahmood"]
[Black "Hemant, Sharma (del)"]
[Result "0-1"]
[WhiteElo "2377"]
[BlackElo "2191"]
[PlyCount "68"]
[EventDate "2010.05.10"]
[EventType "swiss"]
[EventRounds "11"]
[EventCountry "IND"]
[Source "lmi"]
[SourceDate "2010.05.10"]

1. d4 d5 2. Nf3 Nf6 3. g3 e6 4. Bg2 c6 5. O-O Be7 6. c4 O-O 7. b3 b6 8. Bb2 Bb7
9. Nc3 Nbd7 10. Ne5 Qc7 11. Rc1 dxc4 12. Nxc4 Rac8 13. e4 Qb8 14. e5 Ne8 15.
Ne4 c5 16. dxc5 Nxc5 17. Ncd6 Bxd6 18. Nxd6 Rd8 19. Rxc5 Bxg2 20. Rc8 Rxc8 21.
Kxg2 Nxd6 22. exd6 Qb7+ 23. Kg1 Qd7 24. a4 Rfd8 25. Qg4 e5 26. Qxd7 Rxd7 27.
Bxe5 f6 28. Bf4 g5 29. Be3 Rxd6 30. a5 bxa5 31. Ra1 Ra6 32. Bd2 Rb8 33. Ra3 Rb5
34. b4 Rd6 0-1

[Event "Parsvnath Commonwealth ch 2010"]
[Site "Nueva Delhi IND"]
[Date "2010.05.13"]
[Round "6.33"]
[White "Shyam, Sundar M"]
[Black "Nishvin.J"]
[Result "1-0"]
[WhiteElo "2372"]
[BlackElo "1995"]
[PlyCount "151"]
[EventDate "2010.05.10"]
[EventType "swiss"]
[EventRounds "11"]
[EventCountry "IND"]
[Source "lmi"]
[SourceDate "2010.05.10"]

1. e4 e5 2. Nf3 Nc6 3. Nc3 Nf6 4. g3 Bb4 5. Bg2 d6 6. O-O O-O 7. d3 Be6 8. a3
Ba5 9. Bd2 h6 10. h3 Qd7 11. Kh2 Rfe8 12. Qe1 Bb6 13. Na4 Bd4 14. c3 Bc5 15. b4
Bb6 16. Nxb6 axb6 17. c4 Nh7 18. g4 Ne7 19. Nh4 b5 20. Qe2 Nf8 21. Nf5 Neg6 22.
Rfc1 bxc4 23. dxc4 Nf4 24. Qf3 Nxg2 25. Qxg2 Kh7 26. h4 Ng6 27. Qg3 Qd8 28. h5
Bxf5 29. gxf5 Nf4 30. Bxf4 exf4 31. Qxf4 Qg5 32. Qxg5 hxg5 33. f3 Ra4 34. c5
dxc5 35. Rxc5 c6 36. Kg3 Rea8 37. Re5 Rxa3 38. Rxa3 Rxa3 39. Re7 f6 40. e5 fxe5
41. f6 e4 42. fxg7 Rxf3+ 43. Kg4 Rf4+ 44. Kxg5 Rf1 45. Rxb7 e3 46. Rc7 Rg1+ 47.
Kf5 Rf1+ 48. Kg4 Rg1+ 49. Kf3 Rh1 50. Rb7 Rh3+ 51. Ke2 Rg3 52. Kd3 Rh3 53. h6
Rxh6 54. Kxe3 Rd6 55. Ke4 Rd5 56. Rb6 Kxg7 57. Rxc6 Rb5 58. Rc4 Kf7 59. Kd4 Ke7
60. Kc3 Kd7 61. Kb3 Kd8 62. Ka4 Rh5 63. b5 Rh7 64. Ka5 Ra7+ 65. Kb6 Ra1 66. Kb7
Rb1 67. Rd4+ Ke7 68. b6 Rb2 69. Kc7 Rc2+ 70. Kb8 Rb2 71. b7 Ra2 72. Kc7 Rc2+
73. Kb6 Rb2+ 74. Kc6 Rc2+ 75. Kb5 Rb2+ 76. Rb4 1-0

[Event "Parsvnath Commonwealth ch 2010"]
[Site "Nueva Delhi IND"]
[Date "2010.05.13"]
[Round "6.34"]
[White "Phadke Sohan"]
[Black "Ankit, R. Rajpara"]
[Result "1/2-1/2"]
[WhiteElo "2208"]
[BlackElo "2350"]
[PlyCount "61"]
[EventDate "2010.05.10"]
[EventType "swiss"]
[EventRounds "11"]
[EventCountry "IND"]
[Source "lmi"]
[SourceDate "2010.05.10"]

1. e4 d5 2. exd5 Nf6 3. c4 e6 4. Nc3 exd5 5. d4 c6 6. Bd3 dxc4 7. Bxc4 Nbd7 8.
Nge2 Nb6 9. Bb3 Be7 10. O-O O-O 11. Re1 Re8 12. Nf4 Bd6 13. Be3 Bg4 14. Qd2 Qd7
15. Nd3 Qc7 16. Bf4 Bxf4 17. Qxf4 Qxf4 18. Nxf4 Bf5 19. Re5 Bg6 20. Rae1 Kf8
21. Rxe8+ Rxe8 22. Rxe8+ Kxe8 23. Nxg6 hxg6 24. f3 Ke7 25. Kf2 Nbd5 26. Bxd5
Nxd5 27. Nxd5+ cxd5 28. Ke3 g5 29. g4 Kf6 30. Kd3 Ke6 31. Kc3 1/2-1/2

[Event "Parsvnath Commonwealth ch 2010"]
[Site "Nueva Delhi IND"]
[Date "2010.05.13"]
[Round "6.35"]
[White "Vaibhav, Suri"]
[Black "Kaushik, S."]
[Result "1/2-1/2"]
[WhiteElo "2347"]
[BlackElo "2144"]
[PlyCount "112"]
[EventDate "2010.05.10"]
[EventType "swiss"]
[EventRounds "11"]
[EventCountry "IND"]
[Source "lmi"]
[SourceDate "2010.05.10"]

1. e4 c5 2. Nf3 Nc6 3. d4 cxd4 4. Nxd4 Nf6 5. Nc3 e5 6. Ndb5 a6 7. Na3 b5 8.
Nd5 Be7 9. Bg5 d6 10. Bxf6 Bxf6 11. c4 b4 12. Nc2 a5 13. b3 Bg5 14. Be2 O-O 15.
O-O Be6 16. Qd3 f5 17. Bf3 f4 18. a3 bxa3 19. Rxa3 Rb8 20. Rd1 Rf7 21. Nc3 Rd7
22. Qe2 g6 23. Bg4 Qe7 24. Nb5 h5 25. Bxe6+ Qxe6 26. Raa1 Bd8 27. Rd5 Bb6 28.
Rad1 Rbd8 29. Ne1 Ne7 30. R5d2 Kg7 31. Nd3 Nc6 32. Ra2 Kh6 33. Nb2 Bc5 34. Na4
Bd4 35. Qd2 g5 36. Nac3 Qg4 37. Qe2 Qh4 38. Nd5 g4 39. Nxf4 Rf7 40. g3 Qg5 41.
Ne6 Rxf2 42. Qxf2 Bxf2+ 43. Rxf2 Qe3 44. Nxd8 Nxd8 45. Nxd6 Qxb3 46. Nf5+ Kg5
47. Rxd8 Qb1+ 48. Kg2 Qxe4+ 49. Kf1 Qxc4+ 50. Ke1 Qe4+ 51. Kd2 Qb4+ 52. Ke2
Qc4+ 53. Kd1 Qa4+ 54. Kd2 Qb4+ 55. Ke2 Qc4+ 56. Kd2 Qb4+ 1/2-1/2